3D cell-based biosensors in drug discovery programs (Record no. 11064)

MARC details
000 -LEADER
fixed length control field 02548nam a2200337Ia 4500
001 - CONTROL NUMBER
control field CRC00E73494PDF
003 - CONTROL NUMBER IDENTIFIER
control field BD-DhSAU
005 - DATE AND TIME OF LATEST TRANSACTION
control field 20151012144259.0
006 - FIXED-LENGTH DATA ELEMENTS--ADDITIONAL MATERIAL CHARACTERISTICS
fixed length control field m|||||o||d||||||||
007 - PHYSICAL DESCRIPTION FIXED FIELD--GENERAL INFORMATION
fixed length control field cr||||
008 - FIXED-LENGTH DATA ELEMENTS--GENERAL INFORMATION
fixed length control field 100427s2010 flu sb 001 0 eng d
020 ## - INTERNATIONAL STANDARD BOOK NUMBER
International Standard Book Number 9781420073508 (ebook : PDF)
040 ## - CATALOGING SOURCE
Original cataloging agency BD-DhSAU
Transcribing agency BD-DhSAU
090 ## - LOCALLY ASSIGNED LC-TYPE CALL NUMBER (OCLC); LOCAL CALL NUMBER (OCLC)
Classification number (OCLC) (R) ; Classification number, CALL (RLIN) (NR) RS380
Local cutter number (OCLC) ; Book number/undivided call number, CALL (RLIN) .K537 2010
092 ## - LOCALLY ASSIGNED DEWEY CALL NUMBER (OCLC)
Classification number 615.19
Item number K614
100 1# - MAIN ENTRY--PERSONAL NAME
Personal name Kisaalita, William Ssempa,
Dates associated with a name 1953-
245 10 - TITLE STATEMENT
Title 3D cell-based biosensors in drug discovery programs
Medium [electronic resource] :
Remainder of title microtissue engineering for high throughput screening /
Statement of responsibility, etc. William S. Kisaalita.
260 ## - PUBLICATION, DISTRIBUTION, ETC. (IMPRINT)
Place of publication, distribution, etc. Boca Raton [Fla.] :
Name of publisher, distributor, etc. CRC Press,
Date of publication, distribution, etc. 2010.
300 ## - PHYSICAL DESCRIPTION
Extent 466 p.
504 ## - BIBLIOGRAPHY, ETC. NOTE
Bibliography, etc Includes bibliographical references and index.
505 8# - FORMATTED CONTENTS NOTE
Formatted contents note (Publisher-supplied data) Biosensors and Bioassays -- Target-Driven Drug Discovery -- Comparative Genomics and Proteomics -- Comparative Structure and Function -- Chemical Microenvironmental Factors -- Spatial and Temporal Microenvironmental Factors -- Material Physical Property and Force Microenvironmental Factors -- Proteomics as a Promising Tool in the Search for 3D Biomarkers -- Readout Present and Near Future -- Ready-to-Use Commercial 3D Plates -- Challenges to Adopting 3D Cultures in HTS Programs -- Cases for 3D Cultures in Drug Discovery -- Ideal Case Study Design.
520 ## - SUMMARY, ETC.
Summary, etc. "This book is based upon cutting-edge research conducted in the authors lab (Cellular Bioengineering), which over the past decade has developed a number of sophisticated techniques to facilitate use of 3D cell based assays or biosensors. This book uses data from peer-reviewed publications to conclusively justify use of 3D cell cultures in cell-based biosensors (assays) for (HTS). The majority of assays performed in accelerated drug discovery processes are biochemical in nature, but there is a growing demand for live cell-based assays. Unlike biochemical ones, cellular assays are functional approximations of in vivo biological conditions and can provide more biologically relevant information"--Provided by publisher.
530 ## - ADDITIONAL PHYSICAL FORM AVAILABLE NOTE
Additional physical form available note Also available in print edition.
538 ## - SYSTEM DETAILS NOTE
System details note Mode of access: World Wide Web.
650 #0 - SUBJECT ADDED ENTRY--TOPICAL TERM
Topical term or geographic name as entry element Pharmaceutical biotechnology.
650 #0 - SUBJECT ADDED ENTRY--TOPICAL TERM
Topical term or geographic name as entry element Biosensors.
650 #0 - SUBJECT ADDED ENTRY--TOPICAL TERM
Topical term or geographic name as entry element High throughput screening (Drug development)
655 #7 - INDEX TERM--GENRE/FORM
Genre/form data or focus term Electronic books.
Source of term lcsh
776 1# - ADDITIONAL PHYSICAL FORM ENTRY
International Standard Book Number 9781420073492
856 40 - ELECTRONIC LOCATION AND ACCESS
Uniform Resource Identifier <a href="http://marc.crcnetbase.com/isbn/9781420073508">http://marc.crcnetbase.com/isbn/9781420073508</a>
Electronic format type application/PDF

No items available.